Juna-asemat kartalla - Lounais-Suomi - Statistics

Yleistilastot
  • Tätä visaa on pelattu 218 kertaa
  • Keskiarvotulos 26 / 39
Vastaukset kartalla
Vastauksille on annettu kartalla punavihreä väri sen mukaan, kuinka moni on saanut sen oikein.
 
Vastaustilastot
Vastaus % Oikein
Tampere
98%
Turku
98%
Helsinki
96%
Pori
94%
Hanko
92%
Hämeenlinna
91%
Pasila
90%
Salo
89%
Rauma
87%
Riihimäki
85%
Tikkurila
84%
Kirkkonummi
83%
Nokia
81%
Toijala
81%
Lempäälä
80%
Turun satama
78%
Hyvinkää
75%
Loimaa
74%
Karjaa
73%
Kupittaa
70%
Järvenpää
68%
Tammisaari
68%
Harjavalta
64%
Leppävaara
63%
Kokemäki
61%
Humppila
60%
Viiala
60%
Vammala
59%
Parola
50%
Ainola
46%
Iittala
45%
Turenki
45%
Saunakallio
39%
Karkku
36%
Dragsvik
34%
Ryttylä
30%
Lappohja
19%
Santala
15%
Skogby
13%
Ehtoja vastaavia visoja ei löytynyt
Tulosjakauma
Jokaisen tuloksen saaneiden osuus
Persentiili vastausten määrän mukaan
Tuloshistoriasi
Et ole pelannut tätä visaa